BIOTECHNIC AND HISTOCHEMISTRY (Record no. 17543)

MARC details
000 -LEADER
fixed length control field 00414nam a2200145Ia 4500
022 ## - INTERNATIONAL STANDARD SERIAL NUMBER
ISSN 1052-0295
245 #0 - TITLE STATEMENT
Title BIOTECHNIC AND HISTOCHEMISTRY
247 ## - FORMER TITLE
Title Stain Technology
260 ## - PUBLICATION, DISTRIBUTION, ETC. (IMPRINT)
Name of publisher Anatomical Science and Neurobiology, Kentucky
Place of publication USA
310 ## - CURRENT PUBLICATION FREQUENCY
Current publication frequency BM
500 ## - GENERAL NOTE
General note Ending Volume & Year: 75, 2000
500 ## - GENERAL NOTE
General note Starting Volume & Year: 66, 1991
942 ## - ADDED ENTRY ELEMENTS (KOHA)
Koha item type Bound Journal
Holdings
Withdrawn status Lost status Damaged status Not for loan Home library Current library Date acquired Accession Number Koha item type
      Bound journals RRII Library RRII Library 31/12/2021 19491J Bound Journal